00517nam a2200145 a 450000100100000000500170001000800410002704000250006810000330009324500760012625000110020226000910021330000340030450400330033800002790320200930031205.0110405s1978 dr ab 000 0 spa d aDO-SdBNPbspacBNPHU1 aSánchez, María Teresa de10aGeografía patria :beducación media /cMaría Teresa de Sánchez. a7a ed. aSanto Domingo :bSecretaría de Estado de Educación,c1978fEditora Amigo del Hogar a104 p. :bil., map. ;c28 cm. aBibliografía : p. 102- 104